The Burial Record of Prehistoric Liangshan in Southwest China (Запис № 453971)

МАРК-запис
000 -LEADER
fixed length control field 03702nam a22005175i 4500
001 - CONTROL NUMBER
control field 978-3-319-42384-5
003 - CONTROL NUMBER IDENTIFIER
control field DE-He213
005 - DATE AND TIME OF LATEST TRANSACTION
control field 20210118154727.0
007 - PHYSICAL DESCRIPTION FIXED FIELD--GENERAL INFORMATION
fixed length control field cr nn 008mamaa
008 - FIXED-LENGTH DATA ELEMENTS--GENERAL INFORMATION
fixed length control field 161214s2017 gw | s |||| 0|eng d
020 ## - INTERNATIONAL STANDARD BOOK NUMBER
International Standard Book Number 9783319423845
-- 978-3-319-42384-5
024 7# - OTHER STANDARD IDENTIFIER
Standard number or code 10.1007/978-3-319-42384-5
Source of number or code doi
050 #4 - LIBRARY OF CONGRESS CALL NUMBER
Classification number CC1-960
072 #7 - SUBJECT CATEGORY CODE
Subject category code HD
Source bicssc
072 #7 - SUBJECT CATEGORY CODE
Subject category code SOC003000
Source bisacsh
072 #7 - SUBJECT CATEGORY CODE
Subject category code NK
Source thema
082 04 - DEWEY DECIMAL CLASSIFICATION NUMBER
Classification number 930.1
Edition number 23
100 1# - MAIN ENTRY--PERSONAL NAME
Personal name Hein, Anke.
Relator term author.
Relator code aut
-- http://id.loc.gov/vocabulary/relators/aut
245 14 - TITLE STATEMENT
Title The Burial Record of Prehistoric Liangshan in Southwest China
Medium [electronic resource] :
Remainder of title Graves as Composite Objects /
Statement of responsibility, etc by Anke Hein.
250 ## - EDITION STATEMENT
Edition statement 1st ed. 2017.
264 #1 -
-- Cham :
-- Springer International Publishing :
-- Imprint: Springer,
-- 2017.
300 ## - PHYSICAL DESCRIPTION
Extent XV, 534 p. 161 illus., 58 illus. in color.
Other physical details online resource.
336 ## -
-- text
-- txt
-- rdacontent
337 ## -
-- computer
-- c
-- rdamedia
338 ## -
-- online resource
-- cr
-- rdacarrier
347 ## -
-- text file
-- PDF
-- rda
505 0# - FORMATTED CONTENTS NOTE
Formatted contents note Chapter 1: Introduction -- Part I: The Model and the Material -- Chapter 2: Introducing the Tools: Theory, Method, and Mode -- Chapter 3: Setting the Stage: The Geography and Burial Record of the Liangshan Region -- Part II: Applying the Model -- Chapter 4: Constructing the Grave: The Main Parts and their Combination -- Chapter 5: Placing the Dead: Interment Practices and other Rituals -- Chapter 6: Providing for the Dead: The Object Assemblages -- Chapter 7: Time and Space: Connecting the Parts -- Part III: Evaluating the Model and the Data -- Chapter 8: Connecting the Parts: Graves and Groups, Space and Time -- Chapter 9: Taking Stock and Moving Forward -- Plates -- Appendix.
520 ## - SUMMARY, ETC.
Summary, etc This book proposes a new model and scheme of analysis for complex burial material and applies it to the prehistoric archaeological record of the Liangshan region in Southwest China that other archaeologists have commonly given a wide berth, regarding it as too patchy, too inhomogeneous, and overall too unwieldy to work with. The model treats burials as composite objects, considering the various elements separately in their respective life histories. The application of this approach to the rich and diverse archaeological record of the Liangshan region serves as a test of this new form of analysis. This volume thus pursues two main aims: to advance the understanding of the archaeology of the immediate study area which has been little examined, and to present and test a new scheme of analysis that can be applied to other bodies of material.
506 ## - RESTRICTIONS ON ACCESS NOTE
Terms governing access Available to subscribing member institutions only. Доступно лише організаціям членам підписки.
506 ## - RESTRICTIONS ON ACCESS NOTE
Standardized terminology for access restriction Online access from local network of NaUOA.
506 ## - RESTRICTIONS ON ACCESS NOTE
Standardized terminology for access restriction Online access with authorization at https://link.springer.com/
506 ## - RESTRICTIONS ON ACCESS NOTE
Standardized terminology for access restriction Онлайн-доступ з локальної мережі НаУОА.
506 ## - RESTRICTIONS ON ACCESS NOTE
Standardized terminology for access restriction Онлайн доступ з авторизацією на https://link.springer.com/
650 #0 - SUBJECT ADDED ENTRY--TOPICAL TERM
Topical term or geographic name as entry element Archaeology.
650 14 - SUBJECT ADDED ENTRY--TOPICAL TERM
Topical term or geographic name as entry element Archaeology.
-- http://scigraph.springernature.com/things/product-market-codes/X13000
710 2# - ADDED ENTRY--CORPORATE NAME
Corporate name or jurisdiction name as entry element SpringerLink (Online service)
773 0# - HOST ITEM ENTRY
Title Springer eBooks
776 08 - ADDITIONAL PHYSICAL FORM ENTRY
Display text Printed edition:
International Standard Book Number 9783319423838
776 08 - ADDITIONAL PHYSICAL FORM ENTRY
Display text Printed edition:
International Standard Book Number 9783319423852
776 08 - ADDITIONAL PHYSICAL FORM ENTRY
Display text Printed edition:
International Standard Book Number 9783319825663
856 40 - ELECTRONIC LOCATION AND ACCESS
Uniform Resource Identifier <a href="https://doi.org/10.1007/978-3-319-42384-5">https://doi.org/10.1007/978-3-319-42384-5</a>
912 ## -
-- ZDB-2-SLS
942 ## - ADDED ENTRY ELEMENTS (KOHA)
Koha item type ЕКнига

Немає доступних примірників.